Aufsatze und Beobachtungen aus der gerichtlichen arzenenwissenschaft (Record no. 151627)

MARC details
000 -LEADER
campo de control de longitud fija 00668nam a22001815i 4500
001 - NÚMERO DE CONTROL
campo de control 151627
003 - IDENTIFICADOR DE NÚMERO DE CONTROL
campo de control ES-MaACL
005 - FECHA Y HORA DE LA ÚLTIMA TRANSACCIÓN
campo de control 20230906204311.0
008 - DATOS DE LONGITUD FIJA--INFORMACIÓN GENERAL
campo de control de longitud fija 050704s1793 gw |||| | ger d
040 ## - FUENTE DE CATALOGACIÓN
Centro catalogador/agencia de origen CAM
Lengua de catalogación spa
Centro/agencia transcriptor CAM
245 00 - MENCIÓN DEL TÍTULO
Título Aufsatze und Beobachtungen aus der gerichtlichen arzenenwissenschaft
Resto del título : Achte Sammlung /
Mención de responsabilidad, etc. herausgegeben von Johann Theodor Pyl.
260 ## - PUBLICACIÓN, DISTRIBUCIÓN, ETC.
Lugar de publicación, distribución, etc. Berlin :
Nombre del editor, distribuidor, etc. ben August Mylius,
Fecha de publicación, distribución, etc. 1793.
300 ## - DESCRIPCIÓN FÍSICA
Extensión [12], 276 p. ;
Dimensiones 22 cm.
597 ## - NOTA DE DESCRIPCIÓN FÍSICA
NOTA DE DESCRIPCIÓN FÍSICA Sign.: )(\p6\s, A-R\p8\s, S\p2\s.
597 ## - NOTA DE DESCRIPCIÓN FÍSICA
NOTA DE DESCRIPCIÓN FÍSICA Texto en letra gótica.
700 1# - ENTRADA AGREGADA--NOMBRE PERSONAL
Nombre de persona Pyl, Johann Theodor,
Término indicativo de función/relación
9 (RLIN) 131442
852 ## - LOCALIZACIÓN
Ubicación ES-MaACL
Número de control de estantería R-811-16
Nota libre -- Enc. hol.
Encuadernación Olim: G-2632-37
Holdings
Estatus retirado Estado de pérdida Estado de daño No para préstamo Colección Biblioteca de origen Biblioteca actual Ubicación en estantería Fecha de adquisición Total de préstamos Signatura topográfica completa Código de barras Visto por última vez Precio de reemplazo Tipo de ítem Koha
        Libros del s. XVIII Biblioteca del Ateneo de Madrid Biblioteca del Ateneo de Madrid Depósito 17/01/2008   R-811-16 1158236 23/02/2023 23/02/2023 Libro impreso antiguo